Entry Nombre personal
001 - NÚMERO DE CONTROL
- campo de control: 97012
003 - IDENTIFICADOR DE NÚMERO DE CONTROL
- campo de control: SpMaBN
005 - FECHA Y HORA DE LA ÚLTIMA TRANSACCIÓN
- campo de control: 20250805003848.0
008 - ELEMENTOS DE DATO DE LONGITUD-FIJA
- campo de control de longitud fija: 901120nn aijnnaabn a aaa
016 ## - NÚMERO DE CONTROL DE UNA AGENCIA BIBLIOGRÁFICA NACIONAL
- Número de control del registro: BNE19900161222
024 7# - IDENTIFICADOR DE OTROS ESTÁNDARES
- Número estándar o código: http://viaf.org/viaf/122064684/
- Fuente: viaf
024 7# - IDENTIFICADOR DE OTROS ESTÁNDARES
- Número estándar o código: https://isni.org/isni/0000000107888266
- Fuente: isni
024 7# - IDENTIFICADOR DE OTROS ESTÁNDARES
- Número estándar o código: http://www.wikidata.org/entity/Q3754369
- Fuente: wikidata
040 ## - FUENTE DE CATALOGACIÓN
- Centro catalogador/agencia de origen: SpMaBN
- Lengua de catalogación: spa
- Centro/agencia transcriptor: SpMaBN
- Normas de descripción: rdc
- Convención/Normas de encabezamiento de materia/tesauro: embne
046 ## - FECHAS CON CODIFICACIÓN ESPECIAL
- Fecha de nacimiento: 1942
100 1# - ENCABEZAMIENTO-NOMBRE DE PERSONA
- Nombre de persona: Rico, Francisco,
- Fechas asociadas al nombre: 1942-
370 ## - LUGAR ASOCIADO
- Lugar de nacimiento: Barcelona, España
- Fuente de información: (Wikidata)
- Número de control del registro de autoridad o número normalizado: XX450579
373 ## - GRUPO ASOCIADO
- Grupo asociado: Accademia della Crusca
- Grupo asociado: Academia Británica
- Grupo asociado: Academia de las inscripciones y lenguas antiguas
- Grupo asociado: Real Academia Española
- Grupo asociado: Academia Nacional de los Linces
- Fuente de información: Wikidata
374 ## - OCUPACIÓN
- Ocupación: Filólogos
- Ocupación: Profesores
- Ocupación: Críticos literarios
- Ocupación: Escritores
- Ocupación: Linguistas
- Fuente de información: Wikidata
375 ## - GÉNERO/SEXO
- Género: Masculino
- Fuente de información: Wikidata
377 ## - IDIOMA ASOCIADO
- Término de lengua/lenguaje: Español
- Término de lengua/lenguaje: Catalán
400 1# - TRAZADO DE VÉASE--NOMBRE DE PERSONA
- Nombre de persona: Rico Manrique, Francisco,
- Fechas asociadas al nombre: 1942-
670 ## - FUENTE DE DATOS ENCONTRADOS
- Cita de la fuente: Alfonso el Sabio y la "General Estoria", 1984
- Información encontrada: port. (Francisco Rico)
670 ## - FUENTE DE DATOS ENCONTRADOS
- Cita de la fuente: La novela picaresca y el punto de vista, 2000
- Información encontrada: port. (Francisco Rico) solapa (n. 1942; catedrático de Literaturas Hispánicas Medievales en la Univ. Autónom de Barcelona)
670 ## - FUENTE DE DATOS ENCONTRADOS
- Cita de la fuente: WWW Univ. Autònoma de Barcelona, 14-2-2003
- Información encontrada: (Rico Manrique, Francisco)
856 4# - LOCALIZACIÓN Y ACCESO ELECTRÓNICOS
- Identificador Uniforme de Recursos: http://dialnet.unirioja.es/servlet/autorExterno/BNE/11149783
